| 000 | 00337cam a22001217a 4500 | ||
|---|---|---|---|
| 008 | 180718b1912 xxu||||| |||| 00| 0 eng d | ||
| 082 | _aB234 M145s | ||
| 100 | _aMacdonald J. Ramsay | ||
| 245 |
_aSyndicalism: a critical examination _cby J. Ramsay Macdonald |
||
| 260 |
_aLondon _bConstable _c1912 |
||
| 300 | _a74p. | ||
| 650 | _aSyndicalism | ||
| 999 |
_c372781 _d372781 |
||